000 00670nam a2200181Ia 4500
008 100921s9999 xx 000 0 und d
082 _b39793
_a891.463 थ 87
100 _aअभ्यंकर कुसुम.
245 _aमी हरले ती जिंकली.
260 _bशशीदीप प्रकाशन, पुणे.
_c1987
300 _a178
_bसाहित्यसेवा
365 _b110
520 _aललित-कादंबरी.
630 _aमी हरले ती जिंकली.
650 _aललित-कादंबरी.
730 _aमी हरले ती जिंकली.
942 _cBOOK
999 _c788906
_d788903